| 000 -LEADER |
| fixed length control field |
00800nam a2200253Ia 4500 |
| 001 - CONTROL NUMBER |
| control field |
18210 |
| 003 - CONTROL NUMBER IDENTIFIER |
| control field |
GE_BSU |
| 005 - DATE AND TIME OF LATEST TRANSACTION |
| control field |
20211130123917.0 |
| 008 - FIXED-LENGTH DATA ELEMENTS--GENERAL INFORMATION |
| fixed length control field |
181216s2013||||enk|||||||||||||| ||eng|| |
| 020 ## - INTERNATIONAL STANDARD BOOK NUMBER |
| International Standard Book Number |
9780415534536 |
| 040 ## - CATALOGING SOURCE |
| Transcribing agency |
GE_BSU |
| 041 ## - LANGUAGE CODE |
| Language code of text/sound track or separate title |
eng |
| 080 ## - UNIVERSAL DECIMAL CLASSIFICATION NUMBER |
| Universal Decimal Classification number |
338.48+796.5 E-22 |
| 100 ## - MAIN ENTRY--PERSONAL NAME |
| Personal name |
Edgell, David L. |
| 9 (RLIN) |
13117 |
| 245 ## - TITLE STATEMENT |
| Title |
Tourism policy and planning: |
| Remainder of title |
yesterday, today and tomorrow / |
| Statement of responsibility, etc. |
David L. Edgell Sr., Jason R. Swanson |
| 250 ## - EDITION STATEMENT |
| Edition statement |
2nd edition. |
| 264 ## - PRODUCTION, PUBLICATION, DISTRIBUTION, MANUFACTURE, AND COPYRIGHT NOTICE |
| Place of production, publication, distribution, manufacture |
London ; New York |
| Name of producer, publisher, distributor, manufacturer |
Routledge, |
| Date of production, publication, distribution, manufacture, or copyright notice |
2013 |
| 300 ## - PHYSICAL DESCRIPTION |
| Extent |
305 p,; |
| Other physical details |
ill, |
| Dimensions |
26 cm. |
| 653 ## - INDEX TERM--UNCONTROLLED |
| keyword |
Tourism policy and planning |
| 653 ## - INDEX TERM--UNCONTROLLED |
| keyword |
ტურიზმი |
| 653 ## - INDEX TERM--UNCONTROLLED |
| keyword |
ტურიზმის - დაგეგმვა. |
| 700 ## - ADDED ENTRY--PERSONAL NAME |
| Personal name |
Swanson, Jason R. |
| Relator term |
ავტორი |
| 9 (RLIN) |
13118 |
| 942 ## - ADDED ENTRY ELEMENTS (KOHA) |
| Koha item type |
წიგნი |
| Source of classification or shelving scheme |
|